[Event "DEN-ch Kort Paaske 1"]
[Site "Svendborg"]
[Date "2021.10.18"]
[Round "5"]
[White "Hansen, Patrick Noumedem"]
[Black "Nielsen, Michael V"]
[Result "1/2-1/2"]
[WhiteElo "1178"]
[BlackElo "1601"]
[PlyCount "92"]
[EventDate "2021.10.16"]
[EventType "swiss"]
[EventRounds "5"]
[EventCountry "DEN"]
[SourceTitle "EXT 2025"]
[Source "ChessBase"]
[SourceDate "2024.10.14"]
[SourceVersion "1"]
[SourceVersionDate "2024.10.14"]
[SourceQuality "1"]

1. d4 d5 2. c4 dxc4 3. e3 Bf5 4. Bxc4 e6 5. Qf3 c6 6. b3 Nf6 7. Qd1 Be7 8. Nf3 0-0 9. Nbd2 b5 10. Be2 Na6 11. Bb2 Nb4 12. 0-0 a5 13. a3 Nbd5 14. Ne5 Qc7 15. Bf3 Rad8 16. e4 Nxe4 17. Nxe4 c5 18. dxc5 Ne3 19. Qe2 Nxf1 20. Rxf1 f6 21. Ng4 Bxg4 22. Bxg4 f5 23. Bf3 fxe4 24. Bxe4 Qxc5 25. Qg4 e5 26. Qe6+ Kh8 27. Bxe5 Bf6 28. Qf5 Kg8 29. Qxh7+ Kf7 30. Bxf6 Kxf6 31. Qg6+ Ke7 32. Qxg7+ Rf7 33. Qh6 Qe5 34. Qh4+ Qf6 35. Qg3 Kf8 36. Qe3 Rd4 37. Bd3 b4 38. axb4 axb4 39. Bc4 Re7 40. Qh3 Rd2 41. Qc8+ Kg7 42. Qg8+ Kh6 43. Qg3 Rg7 44. Qe3+ Qg5 45. Qh3+ Qh5 46. Qe6+ Qg6 1/2-1/2